| 000 | 00371nam a22001577a 4500 | ||
|---|---|---|---|
| 003 | OSt | ||
| 005 | 20211222090610.0 | ||
| 008 | 211222b |||||||| |||| 00| 0 eng d | ||
| 020 | _a9781632406088 | ||
| 040 | _cHU | ||
| 100 |
_aJAYSON BIRD _920738 |
||
| 245 | _aEDUCATIONAL PLANNING AND MANAGEMENT | ||
| 260 |
_aUSA _bHALL _c2017 |
||
| 300 | _a205 | ||
| 942 |
_2ddc _cBOOKS _n0 |
||
| 999 |
_c23301 _d23301 |
||